Statistics for Languages of Afghanistan on a Map

Click here to take the quiz!

General Stats

  • This quiz has been taken 134 times
  • The average score is 7 of 27

Answers on the Map

Answers color-coded by a green-red scale on the quiz's map according to % correct below.
 

Answer Stats

GroupFlagSpeakersAnswer% Correct
Iranian67,000,000Persian
99%
Iranian54,000,000Pashto
97%
Turkic6,560,000Turkmen
88%
Turkic31,000,000Uzbek
87%
Iranian8,800,000Balochi
69%
Dravidian2,864,000Brahui
31%
Iranian58,000Wakhi
22%
Dardic54,400Northeast Pashayi
20%
Dardic70,000Northwest Pashayi
20%
Dardic180,000Southeast Pashayi
20%
Dardic100,000Southwest Pashayi
20%
Pamiri50,000Shughni
14%
Pamiri18,000Rushani
13%
Iranian5,300Munji
10%
Dardic36,000Gawar-Bati
9%
Nuristani150,000Kamkata-vari
9%
Dardic5,000Nangalami
9%
Iranian6,000Ormuri
9%
Iranian3,500Parachi
9%
Dardic1,000Shumashti
9%
Nuristani3,500Tregami
9%
Nuristani8,000Wasi-wari
9%
Iranian2,200Sanglechi
8%
Nuristani40,000Askunu
7%
Dardic100Tirahi
7%
Nuristani12,000Waigali
6%
Dardic9,000Sawi
5%

Score Distribution

Percentile by Number Answered

Percent of People with Each Score

Your Score History

You have not taken this quiz